000 00505nam a2200133Ia 4500
008 100328s9999 xx 000 0 und d
082 _b62318
100 _aगाडगीळ गंगाधर.
245 _aबंडू,जग आणि खतरनाक अब्दुला.
260 _bडिंपल.
630 _aबंडू,जग आणि खतरनाक अब्दुला.
730 _aबंडू,जग आणि खतरनाक अब्दुला.
942 _cBOOK
999 _c548318
_d548315